| 000 | 00899cam a2200229 4500 | ||
|---|---|---|---|
| 001 | 1695 | ||
| 008 | 790202s1978 cou 00110 eng | ||
| 010 | _a77028462 | ||
| 020 | _a0891581502 | ||
| 100 | 1 | 0 | _aZasloff, Joseph Jermiah. |
| 245 | 1 | 0 |
_aCommunist Indochina and U.S. foreign policy : _bpostwar realities / _cJoseph J. Zasloff and MacAlister Brown. |
| 260 | 0 |
_aBoulder, Colo. : _bWestview Press, _c1978. |
|
| 300 |
_axvi, 221 p. : _bill. ; _c24 cm. |
||
| 490 | 1 | _aWestview special studies on international relations. | |
| 504 | _aIncludes bibliographical references and index. | ||
| 651 | 0 |
_aIndochina _xEconomic conditions. |
|
| 651 | 0 |
_aIndochina _xForeign relations _zUnited States. |
|
| 651 | 0 |
_aIndochina _xPolitics and government. |
|
| 651 | 0 |
_aUnited States _xForeign relations _zIndochina. |
|
| 700 | 1 | 0 | _aBrown, MacAlister. |
| 830 | 0 | _aWestview special studies on international relations. | |
| 999 |
_c1277 _d1277 |
||